Costa Rica: Estudios realizados sobre aspectos de salud

保存先:
書誌詳細
第一著者: Amador Guevara, José Luis
フォーマット: テキスト
出版事項: s.n.t. :
主題:
タグ: タグ追加
タグなし, このレコードへの初めてのタグを付けませんか!

MARC

LEADER 00000 a a2200000 04500
001 17019
003
040
090 |a 008300  
100 |a Amador Guevara, José Luis  
245 |a Costa Rica: Estudios realizados sobre aspectos de salud  
260 |a s.n.t. :  
300 |a 14 p.  
650 |a SALUD  
999 |c 15562  |d 15562